[Event "Sapporo Autumn Chess Tournament 2024"]
[Site "Sapporo Chess Club"]
[Date "2024.10.13"]
[Round "3.5"]
[White "Nakamura, Mitsuru"]
[Black "Ono, Yukiko"]
[Result "1-0"]
[WhiteElo "1644"]
[BlackElo "1000"]
[Annotator "Fritz 11 SE (30s)"]
[PlyCount "33"]
[EventDate "2024.10.13"]
[EventRounds "5"]
[EventCountry "JPN"]

{[%mdl 8256] D10: Slav Defence: 3 cxd5 (without early Nf3) and 3 Nc3} 1. d4 d5
2. c4 c6 3. e3 Nf6 4. h3 $146 {Prevents intrusion on g4} (4. Nd2 Bf5 5. Ngf3 e6
6. Be2 Bd6 7. c5 Bc7 8. b4 Nbd7 9. Bb2 Ne4 10. Nxe4 Bxe4 11. O-O Qf6 12. Nd2
Qh6 13. f4 f5 14. Nxe4 fxe4 15. b5 O-O 16. Qa4 e5 17. dxe5 Bxe5 18. Bxe5 Nxe5 {
Reti,R-Spielmann,R Teplitz Schoenau 1922 1-0 (34)}) (4. Qc2 Bg4 (4... g6 5. Bd3
Bg7 6. Nd2 (6. Nf3 O-O 7. O-O dxc4 8. Bxc4 Bf5 9. Qe2 Nbd7 10. Nh4 Bxb1 11.
Rxb1 e5 12. Nf3 exd4 13. exd4 Nb6 14. Bb3 Re8 15. Qc2 Nfd5 16. Bg5 Bf6 17. Bh6
Bg7 18. Bd2 Qd6 19. Rbd1 Nf4 20. Qc5 Qf6 {Kortschnoj,V (2630)-Lieb,H (2275)
Berlin West 1985 1-0}) 6... O-O 7. Ngf3 a6 8. O-O Nbd7 9. h3 e6 10. a4 b6 11.
b4 Re8 12. Bb2 Bb7 13. c5 bxc5 14. bxc5 a5 15. e4 dxe4 16. Bxe4 Nd5 17. Nc4 Ba6
18. Rfc1 Bxc4 19. Qxc4 {Vokoun,J (2208)-Kohout,V (2197) Czechia 2010 0-1 (48)})
5. Nc3 e6 6. Bd3 Nbd7 7. Nge2 Bh5 8. cxd5 cxd5 9. Qb3 Rb8 10. Ng3 Bg6 11. Bxg6
hxg6 12. e4 Nb6 13. e5 Nfd7 14. Nge2 Nc4 15. g3 b5 16. O-O Be7 17. Kg2 Qc7 18.
h4 Qc6 {Kortschnoj,V (2615)-Ivanchuk,V (2710) Monte Carlo 1994 0-1 (42)}) (4.
Nc3 g6 $14) 4... b6 (4... Bf5 5. Nf3 $11) 5. Nf3 $14 a5 6. Bd3 b5 (6... Ba6 7.
b3 $16) 7. cxb5 $16 cxb5 8. Bxb5+ Nbd7 9. Nc3 e6 10. O-O Bd6 11. a4 {White has
a new backward pawn: b2} (11. Bd2 O-O $16) 11... O-O 12. Qc2 Re8 (12... Bb7 $5
$14 {looks like a viable alternative}) 13. e4 $16 Bb7 $4 {solves nothing} (
13... dxe4 $142 14. Nxe4 Nxe4 15. Qxe4 Rb8 $16) 14. e5 $18 Qc7 15. exd6 Qxd6
16. Ne5 $1 {Deflection: d7} Bc8 (16... Nxe5 17. Bxe8 {Deflection Pinning}) 17.
Bg5 1-0

[Event "Sapporo Autumn Chess Tournament 2024"]
[Site "Sapporo Chess Club"]
[Date "2024.10.13"]
[Round "3.6"]
[White "Ito, Katsuhide"]
[Black "Honda, Yoshiki"]
[Result "0-1"]
[WhiteElo "1448"]
[BlackElo "1848"]
[Annotator "Fritz 11 SE (30s)"]
[PlyCount "56"]
[EventDate "2024.10.13"]
[EventRounds "5"]
[EventCountry "JPN"]

{[%mdl 8192] C88: Closed Ruy Lopez: Anti-Marshall Systems} 1. e4 e5 2. Nf3 Nc6
3. Bb5 a6 4. Ba4 Nf6 5. O-O b5 6. Bb3 Be7 7. Re1 O-O 8. d4 exd4 9. Nxd4 $4 $146
{gives the opponent counterplay} (9. e5 Ne8 10. Nxd4 (10. Bd5 Rb8 11. a3 Bb7
12. Qe2 Kh8 13. Rd1 Bc5 14. b4 Be7 15. c3 dxc3 16. Nxc3 Qc8 17. Bg5 f6 18. Bh4
d6 19. e6 Nd8 20. Rac1 c6 21. Ba2 Ba8 22. Bg3 Rb7 23. h4 f5 24. Bf4 Bf6 {
Kuzmin,G (2485)-Votava,J (2400) Pardubice 1994 1-0 (35)}) (10. c3 d5 11. cxd4
Be6 12. Nc3 Qd7 13. Bf4 Na5 14. Bc2 Nc4 15. b3 Nb6 16. a4 b4 17. Ne2 a5 18. h3
g6 19. Bh6 Ng7 20. g4 Rfe8 21. Ng3 Qc8 22. Qd3 Bd7 23. Bxg7 Kxg7 24. Nh5+ Kg8 {
Antal,G (2398)-Erwich,M (2263) Chalkidiki 2001 1-0 (47)}) 10... Nxd4 11. Qxd4
c5 (11... d6 12. Qe4 Bd7 13. f4 g6 14. Bxf7+ Rxf7 15. e6 Bxe6 16. Qxe6 Bf6 17.
Nc3 Qd7 18. Qxd7 Rxd7 19. Nd5 Bd4+ 20. Kh1 Nf6 21. Ne7+ Kf7 22. Nc6 Bf2 23. Re2
Re8 24. Rxe8 Kxe8 25. g3 d5 26. a4 {Hasan,Y (2280)-Noaman,H (2205) Singapore
1987 1-0 (49)}) 12. Qe4 Rb8 (12... Nc7 13. c4 bxc4 14. Bc2 g6 15. Nc3 d5 16.
exd6 Bxd6 17. Qxc4 Be6 18. Qa4 Bd7 19. Qc4 Be6 20. Qa4 {1/2-1/2 (20) Sikora
Gizynska,B (2265)-Maskova,J (2165) Naleczow 1987}) 13. c3 Bb7 14. Qg4 d5 15.
exd6 Bxd6 16. Bg5 Qc7 17. h3 Kh8 18. Bc2 f5 19. Qh4 Qc6 20. f3 Nc7 21. Nd2 Rbe8
22. Rxe8 Qxe8 23. Re1 Qg6 {Navarro Segura,R (2300)-Bademian Orchanian,J (2205)
Buenos Aires 1978 1/2-1/2 (42)}) (9. e5 $142 {is a viable option} Ne8 10. c3
$14) 9... Nxd4 $17 10. Qxd4 (10. e5 $142 $5 Nxb3 11. exf6 Bxf6 12. axb3 $17)
10... c5 $19 11. Qd1 c4 12. e5 Ne8 (12... cxb3 $6 {is clearly inferior} 13.
exf6 bxc2 14. Qd5 $15) 13. c3 (13. Nc3 cxb3 14. axb3 Nc7 $19) 13... cxb3 14.
Qxb3 (14. a4 {does not help much} bxa4 15. Rxa4 d6 $19) 14... Qb6 15. Be3 Bc5 (
15... Qg6 $5 {makes it even easier for Black} 16. Nd2 Bb7 17. f3 $19) 16. Nd2
Bb7 17. Bxc5 Qxc5 18. Ne4 (18. Rad1 d6 19. Qb4 Qxb4 20. cxb4 dxe5 21. Rxe5 Nf6
$19) 18... Bxe4 (18... Qxe5 $142 $5 {keeps an even firmer grip} 19. Ng3 Qf4 20.
Qb4 Qxb4 21. cxb4 $19) 19. Rxe4 d5 (19... d6 {might be the shorter path} 20.
Rae1 $19) 20. Rd4 Nc7 21. Re1 (21. Qb4 Qa7 $19) 21... Rfe8 22. Qd1 Rad8 23. b4
(23. Rd3 $19) 23... Qxc3 24. Re3 Qc6 25. Qe1 (25. Qd2 {does not win a prize}
Ne6 26. Rdd3 Rc8 $19) 25... Ne6 26. Rc3 (26. Rd1 $19 {there is nothing better
in the position}) 26... Nxd4 27. Rxc6 Nxc6 28. f4 d4 0-1

[Event "Sapporo Autumn Chess Tournament 2024"]
[Site "Sapporo Chess Club"]
[Date "2024.10.13"]
[Round "3.7"]
[White "Yajima, Machiko"]
[Black "kuramoto, koutarou"]
[Result "0-1"]
[WhiteElo "1469"]
[BlackElo "1622"]
[Annotator "Fritz 11 SE (30s)"]
[PlyCount "60"]
[EventDate "2024.10.13"]
[EventRounds "5"]
[EventCountry "JPN"]

{[%mdl 8192] A06: R騁i Opening:1 Nf3 d5} 1. Nf3 Nf6 2. d3 d5 3. Bf4 (3. c3 Nbd7
4. Qc2 e5 5. e4 c6 6. Be2 Bd6 7. Bg5 h6 8. Bh4 b6 9. Nbd2 Bb7 10. d4 O-O 11.
dxe5 Nxe5 12. exd5 Ng6 {1/2-1/2 (12) Marangunic,S (2450)-Nunn,J (2560)
Dortmund 1987}) 3... Bf5 $146 (3... g6 4. h3 Bg7 5. c3 O-O 6. Nbd2 b6 7. e4
dxe4 8. dxe4 Nbd7 9. Qc2 Bb7 10. Be3 Qc8 11. Bc4 Ne8 12. O-O Nd6 13. Bd3 Kh8
14. Rfe1 e5 15. Nc4 f5 16. Nxd6 cxd6 17. exf5 Bxf3 18. gxf3 {Galmandakh,B 
(2328)-Enkhnar,E (2287) Ulaanbaatar 2015 1/2-1/2 (50)}) (3... c5 4. Nbd2 Bg4 5.
e4 e6 6. h3 Bh5 7. c3 Nc6 8. Qb3 Qb6 9. g4 Bg6 10. Nh4 Qxb3 11. axb3 Be7 12.
Bg3 dxe4 13. Nxg6 hxg6 14. Nxe4 Nxg4 15. Nd6+ Bxd6 16. Bxd6 b6 17. Bg2 Kd7 18.
Bxc5 {Francsics,E (2245)-Lehmann,Z (2275) Budapest 1997 1-0 (41)}) (3... Nc6 4.
Nbd2 Bf5 5. c3 Qd7 6. b4 Nh5 7. Bg3 Nxg3 8. hxg3 f6 9. Nh4 g5 10. Nxf5 Qxf5 11.
e4 Qg6 12. exd5 Ne5 13. Ne4 O-O-O 14. Qa4 e6 15. Qxa7 exd5 16. Nc5 Bxc5 17.
bxc5 Nxd3+ 18. Kd2 {Francsics,E (2235)-Darazs,Z (2240) Hungary 1997 0-1 (46)})
(3... Nc6 4. g3 $11) 4. Nh4 (4. Nc3 Nc6 $11) 4... Bg6 (4... Bd7 5. Nf3 $15) 5.
Nxg6 hxg6 6. e3 c5 7. c3 Nc6 8. Nd2 e5 {Black threatens to win material: e5xf4}
9. Bg5 Be7 10. Nf3 (10. Be2 Nh5 11. Bxe7 Qxe7 $11) 10... Qd6 11. Be2 O-O-O 12.
Qd2 Kb8 13. O-O-O Ng4 14. Bxe7 {White forks: d6+d8} Qxe7 15. Rdf1 (15. Qe1 $5
$17) 15... e4 16. Ne1 Nxh2 17. Rfg1 Qf6 18. Bd1 (18. f3 Qg5 $17) 18... Ne5 $19
19. d4 cxd4 20. Qxd4 Qf5 21. g4 (21. f4 exf3 22. Bc2 $19) 21... Nhxg4 $19 22.
Rxh8 Rxh8 23. Qxd5 $4 {terrible, but the game is lost in any case.} (23. Bxg4
Nxg4 24. Qxg7 $19) 23... Nd3+ 24. Qxd3 exd3 25. Bxg4 Qxf2 26. Nxd3 (26. Kd1 {
doesn't get the cat off the tree} Qxg1 27. Kd2 Qxg4 28. c4 Qe2+ 29. Kc3 Qxe1+
30. Kb3 d2 31. Kb4 d1=Q+ 32. Kb5 Qdd2 33. c5 Qb4#) 26... Qxg1+ 27. Kc2 (27. Kd2
{does not improve anything} Qxg4 28. Kc2 Qc4 29. Nf2 Rh2 30. a3 Rxf2+ 31. Kb1
Qb5 32. b3 Qf1#) 27... Qxg4 28. Kb3 (28. Ne5 {cannot change destiny} Qe2+ 29.
Kb3 Qb5+ 30. Ka3 Qxe5 31. Kb3 Qb5+ 32. Ka3 Rh2 33. c4 Qxb2+ 34. Ka4 Rc2 35. c5
Rc4+ 36. Ka5 Qb4#) 28... Qd1+ 29. Kc4 Rc8+ 30. Nc5 (30. Kd4 {is not the saving
move} Rd8+ 31. Kc4 Qxd3+ 32. Kb3 Rd6 33. a4 Rb6+ 34. Ka3 Qd2 35. b3 Qxc3 36.
Ka2 Rxb3 37. e4 Qb2#) 30... b6 (30... b6 31. b4 Qe2+ 32. Kb3 bxc5 33. e4 cxb4
34. a3 Rxc3+ 35. Ka4 Qc4 36. axb4 Qa6#) (30... Qa4+ 31. b4 Qxa2+ 32. Kd3 Rd8+
33. Nd7+ Rxd7+ 34. Ke4 Qf2 35. c4 Qf5#) 0-1

[Event "Sapporo Autumn Chess Tournament 2024"]
[Site "Sapporo Chess Club"]
[Date "2024.10.14"]
[Round "4.2"]
[White "Nakamura, Mitsuru"]
[Black "Yoshii, Yukihiko"]
[Result "0-1"]
[WhiteElo "1644"]
[BlackElo "1750"]
[Annotator "Fritz 11 SE (30s)"]
[PlyCount "98"]
[EventDate "2024.10.13"]
[EventRounds "5"]
[EventCountry "JPN"]

{[%mdl 8192] C96: Closed Ruy Lopez: Chigorin Defence: 11 d4, replies other
than 11...Qc7} 1. e4 e5 2. Nf3 Nc6 3. Bb5 a6 4. Ba4 Nf6 5. O-O Be7 6. Re1 b5 7.
Bb3 d6 8. c3 O-O 9. h3 Na5 10. Bc2 c5 11. d4 cxd4 12. cxd4 Nc6 13. Be3 (13. Nc3
Re8 (13... Bb7 14. d5 Nb8 15. a4 b4 16. Ne2 a5 17. Ng3 Bc8 18. Bd3 Na6 19. Be3
Nd7 20. Rc1 Nac5 21. Bb5 Ba6 22. Bxc5 Nxc5 23. Rxc5 dxc5 24. Nxe5 Bxb5 25. axb5
f6 26. Nc6 Qd7 27. Nf5 Rf7 28. Nfxe7+ {Szalanczy,E (2248)-Czegledi,Z (2151)
Hungary 2010 1-0 (35)}) 14. Bg5 {1/2-1/2 (14) Milos,G (2530)-Campora,D (2515)
Bogota 1991}) 13... Bd7 14. Nc3 Rc8 15. a3 $146 {Consolidates b4} (15. Rc1 Re8
16. Bb1 Nxd4 17. Nxd4 exd4 18. Bxd4 b4 19. Ne2 Rxc1 20. Qxc1 Qa5 21. Ng3 Be6
22. b3 Rc8 23. Qd2 Nd7 24. Nf5 Bxf5 25. exf5 Bf8 26. f6 Nxf6 27. Bxf6 gxf6 28.
Qf4 Qg5 29. Qxb4 Rc1 {Berbatov,K (2463)-Arias Garcia,L (2176) Erandio 2009 1/
2-1/2 (45)}) 15... exd4 16. Bxd4 h6 {Covers g5} 17. Rc1 Nxd4 18. Qxd4 {Black
has the pair of bishops} Be6 19. Nd5 Bxd5 20. exd5 Rc5 21. Be4 (21. b4 Rc4 22.
Qd2 Re8 $14) 21... Nxe4 (21... Qc8 $142 $1 {is an interesting alternative} 22.
Rcd1 Rc4 $11) 22. Qxe4 $14 Bf6 23. Rxc5 (23. b4 $142 $5 {should be examined
more closely} Rxc1 24. Rxc1 $14) 23... dxc5 $11 {White has a new passed pawn:
d5} 24. Ne5 Qd6 25. f4 Re8 26. g3 {Controls h4} Re7 27. Kf1 g5 {Black king
safety dropped} 28. Re2 Bg7 29. Qf3 (29. b4 $142 $11 {and White hangs on})
29... Bxe5 $17 30. fxe5 Rxe5 31. Rxe5 $2 (31. Rd2 $142 $17) 31... Qxe5 $19 32.
Qg2 f5 33. h4 (33. Qf3 Kf7 (33... Qxb2 $6 {is clearly worse} 34. Qxf5 c4 35.
Qe6+ Kg7 36. Qe7+ Kg6 37. Qe4+ Kf7 38. Qe6+ Kf8 39. Qc8+ Kg7 40. Qd7+ Kg6 41.
Qe8+ Kh7 42. Qe7+ Kh8 43. d6 Qb1+ 44. Kf2 Qc2+ 45. Kf3 Qd3+ 46. Kg4 $11) 34. d6
Qxd6 35. Qb7+ Kg6 $19) 33... f4 (33... Qe3 $142 {ends the debate} 34. b4 Qc1+
35. Kf2 Qxa3 36. hxg5 hxg5 $19) 34. hxg5 hxg5 35. gxf4 (35. Qc2 Qxd5 36. Qg6+
Kf8 37. Qf6+ Ke8 38. gxf4 Qf3+ 39. Kg1 Qe3+ (39... Qxf4 $6 40. Qc6+ Ke7 41.
Qb7+ Kf8 42. Qa8+ Kg7 43. Qa7+ Qf7 44. Qxc5 $17) (39... gxf4 $6 40. Qe6+ Kd8
41. Qd6+ Kc8 42. Qxa6+ Qb7 43. Qf6 $11) 40. Kg2 gxf4 41. Qxa6 f3+ 42. Kh3 f2+
43. Kg2 f1=Q+ 44. Kxf1 Qc1+ 45. Ke2 Qxb2+ 46. Kf3 Qb3+ 47. Kg4 Qc4+ 48. Kh5 Ke7
$19) 35... Qxf4+ 36. Kg1 (36. Ke2 Kf7 $19) 36... Kf7 37. Kh1 Kf6 38. Qe2 Qe5 $4
{Black threatens to win material: Qe5xe2. Black forks: d5+e2. throws away a
nice position} (38... Qf5 $142 {and the rest is a matter of technique} 39. d6
Qh3+ 40. Kg1 Qg3+ 41. Kh1 Qxd6 42. Qf3+ Kg6 43. Qe4+ Kh6 $19) 39. Qf2+ $11 {
White forks: c5} Qf4 {Black threatens to win material: Qf4xf2} 40. Qxc5 Qf1+
41. Kh2 Qe2+ 42. Kg3 Qe5+ 43. Kh3 Qf5+ 44. Kg2 Qe4+ 45. Kf1 $4 {a weak move,
ruining a winning position} (45. Kg3 Qe1+ 46. Kg2 Qd2+ 47. Kh3 Qd3+ 48. Kg2
Qe2+ 49. Kg3 Qe5+ 50. Kh3 Kg6 $11) 45... Qb1+ {Black forks: b2} (45... Qc4+
$142 {and Black wins} 46. Qxc4 bxc4 $19) 46. Ke2 Qxb2+ 47. Kf3 Qb3+ 48. Ke2 $4
{overlooking an easy win} (48. Kf2 $142 $11 {would bring relief}) 48... Qc4+
$19 49. Qxc4 bxc4 0-1

[Event "Sapporo Autumn Chess Tournament 2024"]
[Site "Sapporo Chess Club"]
[Date "2024.10.14"]
[Round "4.3"]
[White "Tang, Yichen"]
[Black "Furuse, Mizuki"]
[Result "0-1"]
[WhiteElo "1696"]
[BlackElo "1564"]
[Annotator "Fritz 11 SE (30s)"]
[PlyCount "100"]
[EventDate "2024.10.13"]
[EventRounds "5"]
[EventCountry "JPN"]

{[%mdl 8192] B08: Pirc Defence: Classical System} 1. e4 g6 2. d4 Bg7 3. Nc3 d6
4. Nf3 Nf6 5. Bd3 O-O 6. O-O a6 $146 {Secures b5} (6... Bg4 7. h3 (7. Be3 Nc6
8. Bb5 d5 9. e5 Ne4 10. h3 Nxc3 11. bxc3 Bd7 12. Bd3 f6 13. exf6 exf6 14. c4
Be6 15. cxd5 Bxd5 16. c3 Qd6 17. a4 Rad8 18. Nd2 f5 19. Bg5 Bf6 20. Nc4 Bxc4
21. Bxc4+ Kg7 {Fedorchuk,S (2590)-Petrov,M (2425) France 2006 1-0 (48)}) 7...
Bxf3 8. Qxf3 Nc6 9. Ne2 (9. Be3 e5 (9... Nd7 10. d5 Nce5 11. Qe2 c6 12. Rfe1
Rc8 13. Rac1 Qa5 14. Bd2 Qc7 15. f4 Nxd3 16. cxd3 a6 17. Be3 c5 18. b3 b5 19.
Rc2 Qb7 20. Rec1 Rc7 21. Nb1 Rfc8 22. Nd2 Nb6 23. Qf2 a5 24. Kh1 {Bouchet,S 
(2178)-Tkachiev,V (2670) Aubervilliers 2000 0-1 (44)}) 10. dxe5 Nxe5 11. Qe2
Re8 12. Rad1 c6 13. f4 Nxd3 14. cxd3 Qa5 15. Bd4 Rad8 {1/2-1/2 (15)
Jakovljevic,Z (2157)-Leskur,D (2393) Novi Sad 2014}) 9... e5 10. c3 exd4 11.
cxd4 Nd7 12. Be3 Nce5 13. dxe5 Nxe5 14. Qg3 Nxd3 15. Bg5 f6 16. Qxd3 fxg5 17.
Qd5+ Kh8 18. Qxb7 Qb8 19. Qa6 Qxb2 20. Rab1 Qc2 21. Rbc1 {Pavlovic,B (2200)
-Rukavina,J (2465) Bor 1983 0-1}) (6... Nc6 7. h3 e5 8. d5 Ne7 9. Bg5 h6 10.
Be3 Nh5 11. Qd2 g5 12. Kh2 Nf4 13. Ng1 Qd7 14. Nce2 f5 15. exf5 Nxf5 16. Be4
Qf7 17. Ng3 Nh4 18. Qd1 h5 19. Nf3 Nxf3+ 20. Bxf3 g4 21. hxg4 {Al Hajiri,B 
(2238)-Pascua,H (2447) Al Ain 2015 0-1 (68)}) 7. Be3 {Black has a cramped
position} Nc6 8. Qd2 {White has a very active position} (8. h3 $5 $14) 8... Ng4
$11 9. Bf4 (9. Rad1 $5 $11 {should be considered}) 9... Nxd4 $15 10. Nxd4 Bxd4
11. Be2 Bg7 {Black has a cramped position} 12. h3 {White threatens to win
material: h3xg4} Nf6 13. Bh6 Be6 14. Bxg7 Kxg7 15. h4 (15. f4 c6 $15) 15... h5
{White has an active position} 16. Qg5 Kh7 (16... c6 17. Rfd1 $17) 17. f4 (17.
Rad1 $142 $15) 17... Qc8 $4 {with this move Black loses his initiative} (17...
c6 18. f5 Qb6+ 19. Kh1 gxf5 (19... Qxb2 $6 20. Qe3 gxf5 21. exf5 $11) 20. exf5
Rg8 $17) 18. Bd3 (18. f5 gxf5 19. exf5 Rg8 $11) 18... Bg4 {'the bishop is the
bishop!'} (18... c5 $142 $5 {is worthy of consideration} 19. e5 dxe5 20. fxe5
Ng4 21. Qxe7 Qd8 22. Qxd8 Rfxd8 $15) 19. e5 $14 dxe5 $4 (19... Nd7 $142 {
would hold out} 20. Nd5 e6 $16) 20. fxe5 $18 Ng8 (20... Qe6 {doesn't change
the outcome of the game} 21. exf6 Qb6+ 22. Kh1 e6 $18) 21. Nd5 (21. Rxf7+ $142
{makes it even easier for White} Rxf7 22. Qxg6+ Kh8 23. Qxf7 $18) 21... Qd7 $4
{another bit of territory lost} (21... Be6 22. Qxh5+ Kg7 $14) 22. Nf4 (22.
Rxf7+ Rxf7 23. Qxg6+ Kh8 24. Qxf7 Qf5 25. Bxf5 Bxf5 26. Qxf5 Kg7 27. Qg5+ Kh8
28. Rf1 Rf8 29. Rxf8 Kh7 30. Rf7+ Kh8 31. Qg7#) 22... Bf5 $11 23. Bxf5 Qxf5 24.
Qxf5 gxf5 25. Nxh5 e6 26. Rad1 Rad8 27. Nf4 Nh6 28. Nh3 (28. Rd3 $5 $11 {
is an interesting idea}) 28... Ng4 $17 {Black threatens to win material: Ng4xe5
} 29. Rfe1 Rxd1 30. Rxd1 Nxe5 31. Kf2 f6 (31... Ng4+ 32. Kf3 $17) 32. Nf4 $15
Re8 33. Nh5 {White threatens to win material: Nh5xf6} Kg6 {Black threatens to
win material: Kg6xh5} 34. Nf4+ Kf7 35. h5 Ke7 36. Rh1 Rh8 37. Ke3 Rh6 38. Kd4 (
38. b3 Nf7 $17) 38... b6 (38... Ng4 39. Kc4 $17) 39. b4 (39. Kc3 Ng4 40. Nd3 e5
$17) 39... c6 (39... Ng4 40. Kc4 $17) 40. a3 (40. Re1 $5 $17) 40... Ng4 41. Kc4
$2 (41. Ng6+ $142 $5 Kf7 42. Rh4 e5+ 43. Kd3 Nf2+ 44. Ke3 $19) 41... e5 $19 42.
Nd3 Ne3+ 43. Kc3 (43. Kb3 Nxg2 44. Rg1 $19) 43... Kd6 $4 {not a good decision,
because now the opponent is right back in the game} (43... Nxg2 $142 $5 {
might be the shorter path} 44. Rh2 Ne3 45. Rh1 $19) 44. Nb2 (44. g3 Nd5+ 45.
Kd2 Nc7 $17) 44... Nd5+ (44... f4 $142 45. Nc4+ Nxc4 46. Kxc4 Ke6 $19) 45. Kd3
$2 (45. Kd2 b5 46. g3 f4 $19) 45... f4 (45... Nf4+ $5 {seems even better} 46.
Ke3 $19) 46. Nc4+ (46. Na4 b5 47. Nc5 f5 $19) 46... Ke6 47. Ke4 f5+ 48. Kd3 (
48. Kf3 $19) 48... Nf6 $4 {gives the opponent new chances} (48... b5 {and
Black can already relax} 49. Na5 Ne3 50. Rh2 $19) 49. Re1 $4 {cause more grief}
(49. Nxb6 $142 Ne4 50. Rh4 $17) 49... e4+ (49... Ne4 $5 {keeps an even firmer
grip} 50. Nxb6 Rxh5 51. Ke2 $19) 50. Kc3 (50. Kd4 $19) 50... Nd5+ (50... Nd5+
51. Kd4 Rxh5 $19) 0-1

[Event "Sapporo Autumn Chess Tournament 2024"]
[Site "Sapporo Chess Club"]
[Date "2024.10.14"]
[Round "4.4"]
[White "kuramoto, koutarou"]
[Black "Sugimoto, Koichi"]
[Result "0-1"]
[WhiteElo "1622"]
[BlackElo "1872"]
[Annotator "Fritz 11 SE (30s)"]
[PlyCount "44"]
[EventDate "2024.10.13"]
[EventRounds "5"]
[EventCountry "JPN"]

{[%mdl 8192] B76: Sicilian Dragon: Yugoslav Attack, 9 g4 and 9 0-0-0} 1. e4 c5
2. Nf3 d6 3. d4 cxd4 4. Nxd4 Nf6 5. Nc3 g6 6. Be3 Bg7 7. f3 O-O 8. Qd2 Nc6 9.
O-O-O d5 10. exd5 Nxd5 11. Nxc6 bxc6 12. Bd4 e5 13. Bc5 Re8 (13... Rb8 14. Bc4
e4 15. fxe4 Nxc3 16. Qxd8 Ne2+ 17. Bxe2 Bxb2+ 18. Kb1 Be5+ 19. Qb6 Rxb6+ 20.
Bxb6 axb6 21. Bc4 Kg7 22. Bb3 Re8 23. h3 h5 24. Rd3 f6 25. Rhd1 Re7 26. Rd8 Rc7
27. Rg8+ Kh6 28. h4 {Quesada Perez,Y (2636)-Corrales Jimenez,F (2598)
Rockville 2013 1-0 (50)}) 14. Bc4 {White threatens to win material: Bc4xd5} Be6
$146 (14... Qh4 15. Bxd5 cxd5 16. Nxd5 (16. g3 Qh5 17. Qxd5 Be6 18. Qd3 Rec8
19. g4 Qh3 20. Ba3 e4 21. Nxe4 Bxa2 22. Rd2 h6 23. Nd6 Rc7 24. Qe4 Rd8 25. Rhd1
Be6 26. Qf4 h5 27. g5 Ba2 28. Ne8 Rxe8 29. Qxc7 Qxf3 30. Qxa7 Be6 {Pikula,D 
(2530)-Hoffmann,M (2462) Basel 2006 1/2-1/2 (48)}) 16... Qc4 17. Ne7+ Kh8 18.
Qd5 Qf4+ 19. Kb1 Be6 20. Qc6 Qh4 21. Nd5 Rec8 22. Nc7 Rab8 23. b3 Qc4 24. Rd6
Bf5 25. Rc1 Qc3 26. Bxa7 Rxb3+ 27. axb3 Qxb3+ 28. Ka1 e4+ 29. Rd4 {Ernst,T 
(2295)-Petursson,M (2445) Copenhagen 1981 0-1 (35)}) (14... Qa5 15. Ne4 Qxd2+
16. Kxd2 Be6 17. Kc1 Red8 18. Bb3 Bh6+ 19. Kb1 f5 20. Nd6 Rd7 21. Nc4 Rad8 22.
Rde1 Bg7 23. Nxe5 Bxe5 24. Rxe5 Nf4 25. Bxe6+ Nxe6 26. b3 Nxc5 27. Rxc5 Rd2 28.
g4 fxg4 29. fxg4 {Ernst,T (2355)-Welin,T (2330) Gavle 1982 1-0 (47)}) 15. Nxd5
cxd5 16. Bxd5 Bxd5 17. Qxd5 {White has a new passed pawn: c2} Qg5+ 18. Qd2
Qxd2+ 19. Rxd2 (19. Kxd2 $142 {would keep White alive} e4 20. Kc1 $14) 19...
Bh6 $17 {Black threatens to win material: Bh6xd2} 20. Rhd1 Red8 21. c3 $4 {
another step towards the grave} (21. g3 $142 Bxd2+ 22. Rxd2 Rxd2 23. Kxd2 Rd8+
24. Kc3 $17) 21... Rxd2 $19 (21... Bxd2+ $6 22. Rxd2 Rxd2 23. Kxd2 $17) 22.
Rxd2 Rd8 0-1

[Event "Sapporo Autumn Chess Tournament 2024"]
[Site "Sapporo Chess Club"]
[Date "2024.10.14"]
[Round "4.5"]
[White "Honda, Yoshiki"]
[Black "Okimura, Mikiko"]
[Result "1-0"]
[WhiteElo "1848"]
[BlackElo "1000"]
[Annotator "Fritz 11 SE (30s)"]
[PlyCount "39"]
[EventDate "2024.10.13"]
[EventRounds "5"]
[EventCountry "JPN"]

{[%mdl 8192] B13: Caro-Kann: Exchange Variation and Panov-Botvinnik Attack} 1.
e4 c6 2. d4 d5 3. exd5 cxd5 4. c4 Nf6 5. Nc3 Bf5 6. Nf3 $146 (6. Qb3 Qb6 (6...
Qc7 7. cxd5 a6 8. Nf3 e6 9. Bc4 exd5 10. Nxd5 Nxd5 11. Bxd5 Nc6 12. Bxc6+ Qxc6
13. O-O Be4 14. Re1 Be7 15. Ne5 Qd5 16. Rxe4 Qxe4 17. Qxf7+ Kd8 18. Bg5 Re8 19.
Bxe7+ Rxe7 20. Qf8+ {1-0 (20) Lohou,S (2180)-Tempone,M (2460) Berlin 1997}) 7.
cxd5 Qxb3 8. axb3 g6 9. Bc4 Bg7 10. Nb5 Na6 11. Rxa6 bxa6 12. Nc7+ Kd7 13. Nxa8
Rxa8 14. f3 Rb8 15. Bf4 Rb6 16. Kd2 h6 17. g4 g5 18. Be5 Bg6 19. Ne2 Ne8 20.
Nc3 f6 {Brajovic,R (2278)-Vukovic,N (2235) Herceg Novi 2005 1-0}) (6. cxd5 Nxd5
7. Qb3 Nxc3 8. bxc3 Qc7 $14) 6... Nc6 {White has an active position} 7. Bg5 g6
$2 (7... Ne4 $142 {and Black has air to breath} 8. cxd5 Nxc3 9. bxc3 Qxd5 $14)
8. Bxf6 $18 exf6 9. cxd5 Nb4 10. Bb5+ Bd7 11. Qe2+ Be7 $4 {leading to a quick
end} (11... Qe7 $142 12. Bxd7+ Kxd7 $18) 12. d6 O-O (12... Bc6 {praying for a
miracle} 13. Bxc6+ bxc6 14. dxe7 Qxe7 15. Qxe7+ Kxe7 $18) 13. dxe7 ({Not} 13.
Qxe7 Re8 14. O-O Rxe7 15. dxe7 Qxe7 $17) 13... Qxe7 14. Qxe7 Bxb5 15. Qxb4
Rfe8+ 16. Kd2 Bd7 17. Nd5 Kh8 18. Nc7 (18. Nxf6 $142 {and White can already
relax} a5 19. Qxb7 Reb8 20. Qxd7 Kg7 $18) 18... Rac8 19. Nxe8 Bxe8 20. Qf8# 1-0

[Event "Sapporo Autumn Chess Tournament 2024"]
[Site "Sapporo Chess Club"]
[Date "2024.10.14"]
[Round "4.6"]
[White "Nishimori, Toshiyuki"]
[Black "Ono, Yukiko"]
[Result "1-0"]
[WhiteElo "1746"]
[BlackElo "1000"]
[Annotator "Fritz 11 SE (30s)"]
[PlyCount "33"]
[EventDate "2024.10.13"]
[EventRounds "5"]
[EventCountry "JPN"]

{[%mdl 8192] D00: 1 d4 d5: Unusual lines} 1. d4 d5 2. Nf3 Nf6 3. Nc3 Nc6 (3...
c6 4. Bf4 Qb6 5. Na4 Qa5+ 6. c3 g6 7. Nc5 Nbd7 8. Nb3 Qb6 9. h3 Bg7 10. e3 c5
11. dxc5 Nxc5 12. Be5 Na4 13. Bd4 Qc7 14. Nbd2 Nxc3 15. bxc3 {0-1 (15)
Hamdouchi,H (2602)-Tkachiev,V (2644) Nancy 2013}) 4. Bf4 $146 (4. Ne5 e6 5. Nf3
Be7 6. e3 a6 7. Be2 O-O 8. O-O b5 9. Nb1 Bb7 10. Nbd2 Ne4 11. Nb1 Bf6 12. Nbd2
Nd6 13. c3 Qe7 14. Qc2 Nc4 15. b3 Nd6 16. Bb2 Qd8 17. Rfe1 b4 18. Rad1 a5 {
Vlahov,D (2244)-Havas,J (2165) Bol 2014 1/2-1/2 (31)}) 4... e6 5. e3 Be7 6. Bd3
O-O 7. h4 a6 {Controls b5} 8. h5 Ng4 9. Nh2 (9. h6 $142 g6 10. Qe2 $16) 9...
Nxf2 $4 (9... e5 $142 {would be a reprieve} 10. Nxg4 exf4 11. exf4 Nxd4 $14)
10. Kxf2 $18 b5 11. Nf3 Nb4 (11... f6 {cannot change what is in store for White
} 12. e4 $18) 12. g4 (12. h6 $142 $5 {keeps an even firmer grip} g5 13. Bg3 f6
$18) 12... c5 13. a3 Nc6 (13... Nxd3+ 14. Qxd3 c4 15. Qd2 $18) 14. g5 c4 15.
Be2 b4 (15... f6 16. gxf6 Bxf6 17. Qd2 $18) 16. axb4 Nxb4 17. Qd2 1-0